KAYIP KRAL (Record no. 753552)
[ view plain ]
| 000 -LEADER | |
|---|---|
| sabit uzunluktaki kontrol alanı | 00233nam a2200097Ia 4500 |
| 001 - KONTROL NUMARASI | |
| kontrol alanı | 753552 |
| 005 - EN SON İŞLEMİN TARİH VE ZAMANI | |
| kontrol alanı | 20250826164724.0 |
| 008 - SABİT-UZUNLUKTA VERİ ÖĞELERİ--GENEL BİLGİ | |
| sabit uzunluktaki kontrol alanı | 250824s9999 xx 000 0 und d |
| 245 #0 - ESER / YAZAR | |
| ESER ADI | KAYIP KRAL |
| Yazar Adı | GÖKHAN BİÇER |
| 260 ## - YAYIN, DAĞITIM, VB. | |
| YAYIN EVİ | KENT YAYINLARI |
| Düşüm durumu | Kayıp durumu | Hasar Durumu | Ödünç verilmez | Ana kütüphane | Geçerli Kütüphane | Edinilen tarih | Toplam ödünç verme sayısı | Barkod | Son görüntüleme tarihi | Son ödünç verme tarihi | Fiyatın geçerli olmaya başladığı tarih | Koha materyal türü |
|---|---|---|---|---|---|---|---|---|---|---|---|---|
| NENE HATUN İMAM HATİP ORTAOKULU | NENE HATUN İMAM HATİP ORTAOKULU | 24.08.2025 | 2 | 10251609 | 03.03.2026 | 25.02.2026 | 26.08.2025 | Books |